000 00755nam a2200217 i 4500
001 bg
003 BPK
005 20200425175343.0
008 071021s1968 pl a |000 0 pol
015 _aPB 1968/10701
040 _aWA N
_cBPK
080 _a631.3
100 1 _aKuczewski, Józef
_d(1925-2002)
_eAutor
245 1 0 _aPodstawy eksploatacji agregatów rolniczych /
_cJ. Kuczewski.
260 _aWarszawa :
_bPaństwowe Wydawnictwo Rolnicze i Leśne,
_c1968.
300 _a339, [1] s., [2] k. tabl. :
_bil. ;
_c23 cm.
504 _aBibliogr.
650 4 _aMaszyny i narzędzia rolnicze
_xobsługa i eksploatacja.
856 _uhttp://koha.tu.koszalin.pl/cgi-bin/koha/opac-detail.pl?biblionumber=4725
_yKatalog online BPK
942 _2UKD
_cKS
999 _c4725
_d4725